<?xml version="1.0" encoding="UTF-8"?>
<record
    xmlns:xsi="http://www.w3.org/2001/XMLSchema-instance"
    xsi:schemaLocation="http://www.loc.gov/MARC21/slim http://www.loc.gov/standards/marcxml/schema/MARC21slim.xsd"
    xmlns="http://www.loc.gov/MARC21/slim">

  <leader>00744nab a2200229 uc4500</leader>
  <controlfield tag="001">447702</controlfield>
  <controlfield tag="005">20260429101658.0</controlfield>
  <controlfield tag="008">990608e19970301                    spa  </controlfield>
  <datafield tag="035" ind1=" " ind2=" ">
    <subfield code="a">447702</subfield>
  </datafield>
  <datafield tag="035" ind1=" " ind2=" ">
    <subfield code="a">(OCoLC)819784573</subfield>
  </datafield>
  <datafield tag="040" ind1=" " ind2=" ">
    <subfield code="c">comduadb</subfield>
  </datafield>
  <datafield tag="041" ind1=" " ind2=" ">
    <subfield code="a">spa</subfield>
  </datafield>
  <datafield tag="100" ind1="1" ind2="0">
    <subfield code="a">Duarte, Jes&#xFA;s H.</subfield>
    <subfield code="4">aut</subfield>
    <subfield code="e">aut</subfield>
    <subfield code="9">513263</subfield>
  </datafield>
  <datafield tag="245" ind1="1" ind2="0">
    <subfield code="a">Clientelismo e Implementacion de politicas educativas</subfield>
  </datafield>
  <datafield tag="650" ind1=" " ind2="7">
    <subfield code="a">Educaci&#xF3;n primaria</subfield>
    <subfield code="2">lemb</subfield>
    <subfield code="9">43723</subfield>
  </datafield>
  <datafield tag="650" ind1=" " ind2=" ">
    <subfield code="a">Nari&#xF1;o (Colombia)</subfield>
    <subfield code="9">13409</subfield>
  </datafield>
  <datafield tag="650" ind1=" " ind2=" ">
    <subfield code="a">Sucre (Colombia)</subfield>
    <subfield code="9">55373</subfield>
  </datafield>
  <datafield tag="650" ind1=" " ind2="7">
    <subfield code="a">Pol&#xED;tica educativa</subfield>
    <subfield code="2">lemb</subfield>
    <subfield code="9">856390</subfield>
  </datafield>
  <datafield tag="651" ind1=" " ind2="7">
    <subfield code="a">Colombia</subfield>
    <subfield code="2">embne</subfield>
    <subfield code="9">870547</subfield>
  </datafield>
  <datafield tag="773" ind1="0" ind2=" ">
    <subfield code="t">Planeaci&#xF3;n y Desarrollo (Bogot&#xE1;)</subfield>
    <subfield code="g">Vol. 28, No. 01, Ene.-Mar. 1997, p. 63-90</subfield>
    <subfield code="w">258197</subfield>
    <subfield code="x">0034-8686</subfield>
    <subfield code="0">96163</subfield>
  </datafield>
  <datafield tag="942" ind1=" " ind2=" ">
    <subfield code="c">ARIMP</subfield>
  </datafield>
  <datafield tag="999" ind1=" " ind2=" ">
    <subfield code="c">117433</subfield>
    <subfield code="d">117433</subfield>
  </datafield>
</record>
